000 00654cam a2200229 a 4500
001 12645995
005 20250825153158.0
008 020116s2003 njua b 001 0 eng
020 _a0130982636
020 _a9780130982636
050 0 0 _aBF121
_b.W27 2003
082 0 0 _a150
_221
100 1 _aWade, Carole
_c(Professor of psychology)
245 1 0 _aPsychology /
_cCarole Wade, Carol Tavris.
250 _a7th ed.
260 _aUpper Saddle River, N.J. :
_bPrentice Hall,
_c2003.
300 _axxxi, 766 p. :
_bill. (some col.);
_c28 cm.
500 _a"Live! psych"--Cover
650 0 _aPsychology.
700 1 _aTavris, Carol.
942 _2lcc
_cBK
_n0
999 _c7372
_d7372